| 000 | 00361cam a2200145ua 4500 | ||
|---|---|---|---|
| 041 |
_aeng _h |
||
| 082 |
_a826 _bLAM/LE |
||
| 100 | _aLanpcharless, . | ||
| 245 |
_aLetter of charless lamp / _clampcharless. _hTextual Documents |
||
| 260 |
_aLondon : _bJ M Dent and Sons Ltd , _c1950. |
||
| 300 | _a432 ; . | ||
| 504 | _a | ||
| 942 | _cBK | ||
| 999 |
_c11840 _d11840 |
||